Obras completas (tomo III)

Gespeichert in:
Bibliographische Detailangaben
1. Verfasser: Lenin, Vladimir Ilich
Format: Text
Veröffentlicht: Madrid: Akal
Ausgabe:2
Tags: Tag hinzufügen
Keine Tags, Fügen Sie den ersten Tag hinzu!

MARC

LEADER 00000 a a2200000 04500
001 24922
003
040
020 |a 84-7339-383-X  
090 |a 178400  
100 |a Lenin, Vladimir Ilich  
245 |a Obras completas (tomo III)  
250 |a 2  
260 |a Madrid:   |b Akal  
300 |a 670 p.   |b **no definido**  
999 |c 10558  |d 10558